000
00298nam a2200121Ia 4500
008
231129s1996||||xx |||||||||||||| ||spa||
040
_b
spa
082
_a
Co862.44 G643t
245
0
_a
Tres dramaturgos colombianos
260
_c
1996
264
_a
Instituto Colombiano de Cultura
942
_2
ddc
_c
BKS
999
_c
25675
_d
25675